000 00353pam a2200157a 44500
008 230515b1979 xxu||||| |||| 00| 0 eng d
020 _aNULL
041 _aENGLISH
082 _a630
100 _a3457-1966
245 _aRADII AND CHAMBERS FOR GENERAL ENGG PURPOSES
250 _a0
260 _aDELHI
_bISI
_c1979
300 _a12
650 _aNULL
999 _c652153
_d652153